000 00359nam a2200145Ia 4500
008 230917s9999||||xx |||||||||||||| ||und||
040 _e99780
_aMAIN
041 _aEnglish
082 _a515.353 D856A
100 _aDuChateau, Paul
245 0 _aApplied partial differential equations
260 _aNew York
_bDover
_c2002
300 _a620 p.
942 _cBK
999 _c109420
_d109420